• 首页
  • 本馆介绍
  • 公告通知
  • 最新文献
  • 馆藏检索
  • 电子资源
  • 读者导购
  • 参考咨询
  • 我的图书馆
  • 登录
  • 详细信息显示
  • 放入我的书架
  • 预约/预借图书
  • 作者相关作品
  • 分类相关作品
  • 丛书相关作品
  • 出版社相关作品

书目信息

  • 表格格式
  • 工作单格式
  • 卡片格式
题名:
鲁迅笔名印谱
    
 
作者: 杭州书画社 供稿 ;郁重今篆刻 , 李允经 整理
分册:  
出版信息: 北京   荣宝斋  1976
页数: 156页
开本: 18cm
丛书名:
单 册:
中图分类: J292.47
科图分类:
主题词: 书法--中国 , 篆刻--中国
电子资源:
ISBN:
000 00711nam0 2200217 450
001 0635231952
005 20061114102221.84
010    @dCNY1.50
100    @a20061114d1976 km y0chiy0120 ea
101 0  @achi
200 1  @a鲁迅笔名印谱@Alu xun bi ming yin pu@f杭州书画社供稿@Fhang zhou shu hua she gong gao@g郁重今篆刻,李允经整理@Gyu zhong jin zhuan ke,li yun jing zheng li
210    @a北京@c荣宝斋@d1976
215    @a156页@d18cm
606 0  @a书法@x中国
606 0  @a篆刻@x中国
690    @aJ292.47@v3
701  0 @a杭州书画社@Ahang zhou shu hua she@4供稿
702  0 @a郁重今篆刻@Ayu zhong jin zhuan ke@4整理
702  0 @a李允经@Ali yun jing@4整理
801  0 @aCN@bPFT@c20061114
905    @a10447@dJ292.47@e183
    
    鲁迅笔名印谱/杭州书画社供稿/郁重今篆刻,李允经整理.-北京:荣宝斋,1976
    156页;18cm
    
    
    ISBN :CNY1.50
    
●
相关链接 在E读中查询图书 在五车中查询图书 在当当中查询图书 在豆瓣中查询图书


正题名:鲁迅笔名印谱     索取号:J292.47/183         预约/预借

序号 登录号 条形码 馆藏地/架位号 状态 备注
1 0208906   001210175   第一样本阅览室/ [索取号:J292.47/183] 在馆    
唐山师范学院图书馆 欢迎您!
大连网信软件有限公司© 版权所有